| 000 | 00598cab a2200205 4500 | ||
|---|---|---|---|
| 001 | WB2642-35 | ||
| 008 | 090401t1990 xxu||||| |||| 00| 0 eng d | ||
| 035 | _a(Sirsi) u3038 | ||
| 041 | _aeng | ||
| 245 | _aUSSR to welcome foreign investment | ||
| 260 | _c1990 | ||
| 350 | _a0 | ||
| 490 |
_aEuropean Business _vno 24 19/10/90 p1 |
||
| 520 | _aIt is expected that foreign investors will be able to buy buildings and lease land under new proposed Soviet draft legislation. | ||
| 650 | _aINVESTMENT | ||
| 650 | _aSOVIET UNION | ||
| 690 | _aOVERSEAS-EUROPE | ||
| 942 | _n0 | ||
| 948 | _c04/03/1997 | ||
| 999 |
_c1832 _d1832 |
||